[Event "Team Championship (men blitz)"]
[Site "Sochi"]
[Date "2017.10.05"]
[Round "1.7"]
[White "Papenin, Nikolai"]
[Black "Savchenko, Boris"]
[Result "1-0"]
[LiveChessVersion "1.4.8"]
[BlackElo "2630"]
[WhiteElo "2334"]

1. d4 {[%clk 0:03:03]} Nf6 {[%clk 0:03:03]} 2. c4 {[%clk 0:03:04]} g6
{[%clk 0:03:04]} 3. Nc3 {[%clk 0:03:05]} d5 {[%clk 0:03:06]} 4. cxd5
{[%clk 0:03:06]} Nxd5 {[%clk 0:03:07]} 5. e4 {[%clk 0:03:06]} Nxc3
{[%clk 0:03:08]} 6. bxc3 {[%clk 0:03:07]} Bg7 {[%clk 0:03:09]} 7. Nf3
{[%clk 0:03:06]} c5 {[%clk 0:03:10]} 8. Rb1 {[%clk 0:03:07]} O-O {[%clk 0:03:09]}
9. Be2 {[%clk 0:03:08]} Nc6 {[%clk 0:03:10]} 10. d5 {[%clk 0:03:07]} Ne5
{[%clk 0:02:49]} 11. Nxe5 {[%clk 0:03:07]} Bxe5 {[%clk 0:02:50]} 12. Qd2
{[%clk 0:03:05]} c4 {[%clk 0:02:39]} 13. f4 {[%clk 0:02:39]} Bg7 {[%clk 0:02:39]}
14. O-O {[%clk 0:02:17]} Qc7 {[%clk 0:02:35]} 15. Rb4 {[%clk 0:02:06]} Qc5+
{[%clk 0:02:29]} 16. Kh1 {[%clk 0:02:03]} b5 {[%clk 0:02:28]} 17. a4
{[%clk 0:01:24]} a6 {[%clk 0:02:26]} 18. Bf3 {[%clk 0:01:07]} Rd8
{[%clk 0:02:18]} 19. Qe1 {[%clk 0:01:08]} Bd7 {[%clk 0:02:16]} 20. e5
{[%clk 0:01:00]} Rab8 {[%clk 0:02:05]} 21. Be3 {[%clk 0:00:55]} Qc7
{[%clk 0:02:05]} 22. Bd4 {[%clk 0:00:56]} Bf5 {[%clk 0:02:03]} 23. Qf2
{[%clk 0:00:41]} Qc8 {[%clk 0:01:40]} 24. Ra1 {[%clk 0:00:36]} h5
{[%clk 0:01:35]} 25. h3 {[%clk 0:00:32]} Kh7 {[%clk 0:01:30]} 26. axb5
{[%clk 0:00:32]} axb5 {[%clk 0:01:21]} 27. Ra7 {[%clk 0:00:33]} Rd7
{[%clk 0:01:19]} 28. Ra5 {[%clk 0:00:33]} Rdb7 {[%clk 0:01:13]} 29. d6
{[%clk 0:00:32]} exd6 {[%clk 0:01:13]} 30. Bxb7 {[%clk 0:00:33]} Rxb7
{[%clk 0:01:13]} 31. Raxb5 {[%clk 0:00:29]} Rxb5 {[%clk 0:01:10]} 32. Rxb5
{[%clk 0:00:30]} Bxh3 {[%clk 0:01:03]} 33. exd6 {[%clk 0:00:22]} Bxd4
{[%clk 0:01:03]} 34. Qxd4 {[%clk 0:00:19]} Qa8 {[%clk 0:00:38]} 35. Qd5
{[%clk 0:00:18]} Qa1+ {[%clk 0:00:39]} 36. Kh2 {[%clk 0:00:19]} Be6
{[%clk 0:00:40]} 37. Qe5 {[%clk 0:00:15]} Qa7 {[%clk 0:00:29]} 38. d7
{[%clk 0:00:14]} Qxd7 {[%clk 0:00:27]} 39. Rb8 {[%clk 0:00:15]} f6
{[%clk 0:00:27]} 40. Qxf6 {[%clk 0:00:13]} Bg8 {[%clk 0:00:28]} 41. Rb6
{[%clk 0:00:11]} Bf7 {[%clk 0:00:29]} 42. Rd6 {[%clk 0:00:11]} Qc7
{[%clk 0:00:30]} 43. Rd8 {[%clk 0:00:11]} Bg8 {[%clk 0:00:31]} 44. Re8
{[%clk 0:00:12]} Qg7 {[%clk 0:00:06]} 45. Re7 {[%clk 0:00:13]} 1-0

[Event "Team Championship (men blitz)"]
[Site "Sochi"]
[Date "2017.10.05"]
[Round "1.8"]
[White "Bocharov, Dmitry"]
[Black "Derjabin, Ilja"]
[Result "1-0"]
[LiveChessVersion "1.4.8"]
[BlackElo "2388"]
[WhiteElo "2653"]

1. c4 {[%clk 0:02:20]} c5 {[%clk 0:03:01]} 2. g3 {[%clk 0:02:18]} g6
{[%clk 0:03:02]} 3. Bg2 {[%clk 0:02:19]} Bg7 {[%clk 0:03:03]} 4. Nc3
{[%clk 0:02:19]} Nc6 {[%clk 0:03:03]} 5. Nf3 {[%clk 0:02:18]} Nf6
{[%clk 0:03:04]} 6. d4 {[%clk 0:02:16]} cxd4 {[%clk 0:03:04]} 7. Nxd4
{[%clk 0:02:14]} Nxd4 {[%clk 0:03:04]} 8. Qxd4 {[%clk 0:02:15]} O-O
{[%clk 0:03:04]} 9. O-O {[%clk 0:02:15]} d6 {[%clk 0:03:02]} 10. Qd3
{[%clk 0:02:16]} Qa5 {[%clk 0:03:03]} 11. Bd2 {[%clk 0:02:16]} Qh5
{[%clk 0:03:04]} 12. Rac1 {[%clk 0:01:46]} Bh3 {[%clk 0:02:56]} 13. f3
{[%clk 0:01:44]} Bxg2 {[%clk 0:02:34]} 14. Kxg2 {[%clk 0:01:43]} Rac8
{[%clk 0:02:35]} 15. b3 {[%clk 0:01:43]} Rfe8 {[%clk 0:02:30]} 16. e4
{[%clk 0:01:43]} a6 {[%clk 0:02:24]} 17. Nd5 {[%clk 0:01:26]} Nxd5
{[%clk 0:02:22]} 18. cxd5 {[%clk 0:01:25]} Qe5 {[%clk 0:02:16]} 19. Rc2
{[%clk 0:01:18]} Rxc2 {[%clk 0:01:55]} 20. Qxc2 {[%clk 0:01:19]} Qd4
{[%clk 0:01:47]} 21. Rd1 {[%clk 0:01:19]} Qb6 {[%clk 0:01:35]} 22. Rc1
{[%clk 0:01:13]} h5 {[%clk 0:01:07]} 23. Qd3 {[%clk 0:01:12]} Bf6
{[%clk 0:01:01]} 24. Rc2 {[%clk 0:01:10]} h4 {[%clk 0:00:51]} 25. g4
{[%clk 0:01:06]} h3+ {[%clk 0:00:47]} 26. Kxh3 {[%clk 0:01:00]} Qg1
{[%clk 0:00:47]} 27. Be3 {[%clk 0:00:36]} Qe1 {[%clk 0:00:46]} 28. Qe2
{[%clk 0:00:36]} Qh4+ {[%clk 0:00:47]} 29. Kg2 {[%clk 0:00:37]} Kg7
{[%clk 0:00:48]} 30. Bf2 {[%clk 0:00:33]} Qh6 {[%clk 0:00:48]} 31. Bg3
{[%clk 0:00:33]} Bd4 {[%clk 0:00:44]} 32. Qd2 {[%clk 0:00:32]} Be3
{[%clk 0:00:34]} 33. Qc3+ {[%clk 0:00:33]} f6 {[%clk 0:00:36]} 34. h4
{[%clk 0:00:34]} Bb6 {[%clk 0:00:25]} 35. Qd2 {[%clk 0:00:28]} Qxd2+
{[%clk 0:00:24]} 36. Rxd2 {[%clk 0:00:30]} Rc8 {[%clk 0:00:25]} 37. Bf2
{[%clk 0:00:30]} Ba5 {[%clk 0:00:25]} 38. Re2 {[%clk 0:00:31]} Rc1
{[%clk 0:00:25]} 39. f4 {[%clk 0:00:28]} b5 {[%clk 0:00:22]} 40. Be3
{[%clk 0:00:28]} Rb1 {[%clk 0:00:22]} 41. f5 {[%clk 0:00:28]} Bc3
{[%clk 0:00:18]} 42. g5 {[%clk 0:00:20]} Be5 {[%clk 0:00:13]} 43. gxf6+
{[%clk 0:00:18]} exf6 {[%clk 0:00:12]} 44. Rc2 {[%clk 0:00:16]} Rb2
{[%clk 0:00:10]} 45. Rxb2 {[%clk 0:00:16]} Bxb2 {[%clk 0:00:11]} 46. Bf4
{[%clk 0:00:15]} Ba3 {[%clk 0:00:12]} 47. Kf3 {[%clk 0:00:15]} gxf5
{[%clk 0:00:12]} 48. exf5 {[%clk 0:00:17]} Bc5 {[%clk 0:00:12]} 49. Kg4
{[%clk 0:00:16]} a5 {[%clk 0:00:10]} 50. a4 {[%clk 0:00:16]} bxa4
{[%clk 0:00:11]} 51. bxa4 {[%clk 0:00:17]} Bb4 {[%clk 0:00:12]} 52. Bc1
{[%clk 0:00:15]} Bc3 {[%clk 0:00:13]} 53. Ba3 {[%clk 0:00:16]} Be5
{[%clk 0:00:14]} 54. Bc1 {[%clk 0:00:16]} Bc3 {[%clk 0:00:14]} 55. h5
{[%clk 0:00:17]} Bb4 1-0

[Event "Team Championship (men blitz)"]
[Site "Sochi"]
[Date "2017.10.05"]
[Round "1.9"]
[White "Artemiev, Vladislav"]
[Black "Triapishko, Alexandr"]
[Result "1-0"]
[LiveChessVersion "1.4.8"]
[BlackElo "2396"]
[WhiteElo "2729"]

1. Nf3 {[%clk 0:02:24]} d5 {[%clk 0:03:03]} 2. c4 {[%clk 0:02:25]} d4
{[%clk 0:03:03]} 3. g3 {[%clk 0:02:23]} Nc6 {[%clk 0:03:03]} 4. Bg2
{[%clk 0:02:24]} e5 {[%clk 0:03:03]} 5. O-O {[%clk 0:02:24]} e4 {[%clk 0:03:03]}
6. Ne1 {[%clk 0:02:24]} h5 {[%clk 0:03:04]} 7. d3 {[%clk 0:02:20]} h4
{[%clk 0:02:45]} 8. Bxe4 {[%clk 0:01:57]} Bh3 {[%clk 0:02:34]} 9. Ng2
{[%clk 0:01:55]} Qd7 {[%clk 0:02:26]} 10. Nd2 {[%clk 0:00:53]} Nf6
{[%clk 0:02:18]} 11. Bxc6 {[%clk 0:00:47]} Qxc6 {[%clk 0:02:03]} 12. Nf3
{[%clk 0:00:47]} Ng4 {[%clk 0:01:46]} 13. Qb3 {[%clk 0:00:39]} hxg3
{[%clk 0:00:38]} 14. hxg3 {[%clk 0:00:39]} Bxg2 {[%clk 0:00:24]} 15. Kxg2
{[%clk 0:00:40]} Rh2+ {[%clk 0:00:25]} 16. Kg1 {[%clk 0:00:41]} Rh5
{[%clk 0:00:26]} 17. Bf4 {[%clk 0:00:21]} O-O-O {[%clk 0:00:25]} 18. Kg2
{[%clk 0:00:15]} Rh2+ {[%clk 0:00:15]} 19. Kg1 {[%clk 0:00:17]} Rh5
{[%clk 0:00:10]} 20. c5 {[%clk 0:00:18]} Be7 {[%clk 0:00:07]} 21. Kg2
{[%clk 0:00:08]} Rh2+ {[%clk 0:00:07]} 22. Kg1 {[%clk 0:00:09]} Rh5
{[%clk 0:00:06]} 23. Kg2 {[%clk 0:00:05]} Rh2+ {[%clk 0:00:05]} 24. Kg1
{[%clk 0:00:06]} Rh5 {[%clk 0:00:04]} 25. Qxf7 {[%clk 0:00:07]} Rdh8
{[%clk 0:00:05]} 26. Nh4 {[%clk 0:00:08]} Bxh4 {[%clk 0:00:04]} 27. gxh4
{[%clk 0:00:09]} Rxh4 28. f3 Rh1+ {[%clk 0:00:04]} 29. Kg2 {[%clk 0:00:12]} Ne3+
{[%clk 0:00:05]} 30. Bxe3 {[%clk 0:00:13]} R8h2+ {[%clk 0:00:05]} 31. Kg3
{[%clk 0:00:14]} Rh3+ {[%clk 0:00:04]} 32. Kf2 {[%clk 0:00:07]} dxe3+
{[%clk 0:00:03]} 33. Kxe3 {[%clk 0:00:07]} Qxc5+ {[%clk 0:00:04]} 34. d4
{[%clk 0:00:08]} Qg5+ {[%clk 0:00:05]} 35. Kd3 {[%clk 0:00:08]} Qb5+
{[%clk 0:00:05]} 36. Kc3 {[%clk 0:00:05]} Qc6+ {[%clk 0:00:05]} 37. Qc4
{[%clk 0:00:06]} Qxc4+ 38. Kxc4 {[%clk 0:00:07]} R1h2 {[%clk 0:00:05]} 39. Rae1
{[%clk 0:00:08]} Rg2 {[%clk 0:00:05]} 40. Rg1 {[%clk 0:00:09]} Rhh2
{[%clk 0:00:05]} 41. Rxg2 {[%clk 0:00:10]} Rxg2 {[%clk 0:00:07]} 42. Kd3
{[%clk 0:00:12]} Kd7 {[%clk 0:00:08]} 43. Rh1 {[%clk 0:00:13]} Kd6
{[%clk 0:00:07]} 44. Rh8 {[%clk 0:00:14]} a6 {[%clk 0:00:08]} 45. Rd8+
{[%clk 0:00:13]} Ke7 {[%clk 0:00:08]} 46. Rb8 {[%clk 0:00:14]} b6
{[%clk 0:00:09]} 47. b4 {[%clk 0:00:16]} Rg5 {[%clk 0:00:07]} 48. Ra8
{[%clk 0:00:17]} a5 {[%clk 0:00:08]} 49. bxa5 {[%clk 0:00:18]} bxa5
{[%clk 0:00:09]} 50. Ra7 {[%clk 0:00:08]} Kd7 {[%clk 0:00:09]} 51. a4
{[%clk 0:00:07]} Kd6 {[%clk 0:00:09]} 52. Ra6+ {[%clk 0:00:08]} Kd7
{[%clk 0:00:09]} 53. e4 {[%clk 0:00:09]} Rg3 {[%clk 0:00:09]} 54. Ke3
{[%clk 0:00:10]} Rg1 {[%clk 0:00:09]} 55. Rxa5 {[%clk 0:00:11]} g5
{[%clk 0:00:08]} 56. Ra8 {[%clk 0:00:06]} Re1+ {[%clk 0:00:07]} 57. Kf2
{[%clk 0:00:07]} Rd1 {[%clk 0:00:07]} 58. d5 {[%clk 0:00:09]} Kd6
{[%clk 0:00:06]} 59. a5 {[%clk 0:00:10]} Ke5 {[%clk 0:00:06]} 60. a6
{[%clk 0:00:11]} Ra1 {[%clk 0:00:07]} 61. a7 {[%clk 0:00:08]} Kd4
{[%clk 0:00:08]} 62. e5 {[%clk 0:00:08]} 1-0

[Event "Team Championship (men blitz)"]
[Site "Sochi"]
[Date "2017.10.05"]
[Round "1.11"]
[White "Timofeev, Artyom"]
[Black "Jary, Sergey"]
[Result "1-0"]
[LiveChessVersion "1.4.8"]
[BlackElo "2333"]
[WhiteElo "2619"]

1. e4 {[%clk 0:03:02]} g6 {[%clk 0:03:01]} 2. d4 Bg7 3. Nc3 d6 4. Bg5
{[%clk 0:03:01]} c6 {[%clk 0:03:04]} 5. Qd2 {[%clk 0:03:01]} b5 {[%clk 0:03:04]}
6. O-O-O {[%clk 0:02:51]} h6 {[%clk 0:02:57]} 7. Be3 {[%clk 0:02:48]} a6
{[%clk 0:02:58]} 8. Kb1 {[%clk 0:02:47]} Bb7 {[%clk 0:02:58]} 9. h4
{[%clk 0:02:40]} h5 {[%clk 0:02:59]} 10. f3 {[%clk 0:02:30]} Nd7 {[%clk 0:02:59]}
11. Nh3 {[%clk 0:02:27]} Qc7 {[%clk 0:02:56]} 12. Ng5 {[%clk 0:02:26]} Nf8
{[%clk 0:02:48]} 13. g4 {[%clk 0:02:02]} f6 {[%clk 0:02:36]} 14. Nh3
{[%clk 0:01:59]} hxg4 {[%clk 0:02:31]} 15. fxg4 {[%clk 0:02:00]} Rxh4
{[%clk 0:02:27]} 16. Be2 {[%clk 0:02:01]} O-O-O {[%clk 0:02:18]} 17. d5
{[%clk 0:01:30]} e5 {[%clk 0:02:12]} 18. dxc6 {[%clk 0:01:25]} Bxc6
{[%clk 0:02:13]} 19. a4 {[%clk 0:01:25]} Qb7 {[%clk 0:02:10]} 20. axb5
{[%clk 0:01:25]} axb5 {[%clk 0:02:12]} 21. Nf2 {[%clk 0:01:24]} Rxh1
{[%clk 0:02:12]} 22. Rxh1 {[%clk 0:01:25]} Ne6 {[%clk 0:02:05]} 23. Nd3
{[%clk 0:01:25]} Nd4 {[%clk 0:01:58]} 24. Rh7 {[%clk 0:01:18]} Rd7
{[%clk 0:01:53]} 25. Nb4 {[%clk 0:01:13]} Bxe4 {[%clk 0:01:38]} 26. Bxd4
{[%clk 0:01:03]} exd4 {[%clk 0:01:37]} 27. Nxe4 {[%clk 0:01:01]} Qxe4
{[%clk 0:01:34]} 28. Bxb5 {[%clk 0:01:02]} Re7 {[%clk 0:01:29]} 29. Bc4
{[%clk 0:00:50]} Bh6 {[%clk 0:01:17]} 30. Rxe7 {[%clk 0:00:47]} Nxe7
{[%clk 0:01:10]} 31. Qxh6 {[%clk 0:00:28]} Qe1+ {[%clk 0:01:11]} 32. Ka2
{[%clk 0:00:28]} Qxb4 {[%clk 0:01:12]} 33. Bd3 {[%clk 0:00:26]} Qa5+
{[%clk 0:01:00]} 34. Kb1 {[%clk 0:00:27]} Qe1+ {[%clk 0:01:01]} 35. Ka2
{[%clk 0:00:29]} Qa5+ {[%clk 0:01:02]} 36. Kb1 {[%clk 0:00:30]} Qe1+
{[%clk 0:01:03]} 1-0

[Event "Team Championship (men blitz)"]
[Site "Sochi"]
[Date "2017.10.05"]
[Round "1.12"]
[White "Linker, Mikhail"]
[Black "Sharafiev, Azat"]
[Result "0-1"]
[LiveChessVersion "1.4.8"]
[BlackElo "2459"]
[WhiteElo "2268"]

1. e4 {[%clk 0:03:03]} d6 {[%clk 0:03:02]} 2. d4 {[%clk 0:03:03]} Nf6
{[%clk 0:03:03]} 3. Nc3 {[%clk 0:03:03]} e5 {[%clk 0:03:04]} 4. dxe5
{[%clk 0:03:02]} dxe5 {[%clk 0:03:05]} 5. Qxd8+ {[%clk 0:03:03]} Kxd8
{[%clk 0:03:06]} 6. Bg5 {[%clk 0:03:04]} Be6 {[%clk 0:03:02]} 7. O-O-O+
{[%clk 0:03:01]} Nbd7 {[%clk 0:03:02]} 8. Nf3 {[%clk 0:02:55]} Kc8
{[%clk 0:02:53]} 9. Bh4 {[%clk 0:02:56]} a6 {[%clk 0:02:44]} 10. Bg3
{[%clk 0:02:47]} Bd6 {[%clk 0:02:41]} 11. Ng5 {[%clk 0:02:36]} Nc5
{[%clk 0:02:31]} 12. Nxe6 {[%clk 0:02:35]} Nxe6 {[%clk 0:02:32]} 13. f3
{[%clk 0:02:30]} Nh5 {[%clk 0:02:20]} 14. Bf2 {[%clk 0:02:30]} Bc5
{[%clk 0:02:14]} 15. Bxc5 {[%clk 0:02:24]} Nxc5 {[%clk 0:02:15]} 16. Bc4
{[%clk 0:02:25]} Ne6 {[%clk 0:02:03]} 17. Rd5 {[%clk 0:02:12]} b5
{[%clk 0:01:52]} 18. Rxe5 {[%clk 0:02:09]} Nhf4 {[%clk 0:01:13]} 19. Bxe6+
{[%clk 0:02:09]} Nxe6 {[%clk 0:01:10]} 20. Rd1 {[%clk 0:02:05]} c6
{[%clk 0:01:10]} 21. Ne2 {[%clk 0:01:47]} Rd8 {[%clk 0:00:52]} 22. Rxd8+
{[%clk 0:01:43]} Kxd8 {[%clk 0:00:53]} 23. Rh5 {[%clk 0:01:21]} h6
{[%clk 0:00:53]} 24. f4 {[%clk 0:01:23]} Ke7 {[%clk 0:00:47]} 25. Rh3
{[%clk 0:01:20]} f6 {[%clk 0:00:33]} 26. Rd3 {[%clk 0:00:50]} g5 {[%clk 0:00:32]}
27. g3 {[%clk 0:00:49]} Rg8 {[%clk 0:00:31]} 28. f5 {[%clk 0:00:44]} Nc5
{[%clk 0:00:32]} 29. Re3 {[%clk 0:00:42]} Kd6 {[%clk 0:00:28]} 30. Ng1
{[%clk 0:00:39]} Re8 {[%clk 0:00:27]} 31. Nf3 {[%clk 0:00:35]} Rxe4
{[%clk 0:00:26]} 32. Rxe4 {[%clk 0:00:35]} Nxe4 {[%clk 0:00:27]} 33. Kd1
{[%clk 0:00:29]} g4 {[%clk 0:00:27]} 34. Nh4 {[%clk 0:00:19]} Ke5
{[%clk 0:00:28]} 35. Ke2 {[%clk 0:00:20]} Nd6 {[%clk 0:00:29]} 36. Ng6+
{[%clk 0:00:20]} Kxf5 {[%clk 0:00:30]} 37. Ne7+ {[%clk 0:00:21]} Ke4
{[%clk 0:00:30]} 38. Nxc6 {[%clk 0:00:22]} f5 {[%clk 0:00:23]} 39. Nb4
{[%clk 0:00:19]} a5 {[%clk 0:00:23]} 40. Nd3 {[%clk 0:00:20]} b4 {[%clk 0:00:19]}
41. Nc5+ {[%clk 0:00:12]} Kd5 {[%clk 0:00:18]} 42. Nd3 {[%clk 0:00:13]} Kd4
{[%clk 0:00:17]} 43. Nf4 {[%clk 0:00:12]} Nc4 {[%clk 0:00:15]} 44. Ne6+
{[%clk 0:00:13]} Ke5 {[%clk 0:00:15]} 45. Nc5 {[%clk 0:00:11]} Nxb2
{[%clk 0:00:16]} 46. Nb3 {[%clk 0:00:09]} Nc4 {[%clk 0:00:17]} 47. Nc5
{[%clk 0:00:10]} Kd4 {[%clk 0:00:17]} 48. Ne6+ {[%clk 0:00:11]} Kc3
{[%clk 0:00:18]} 49. Ng7 {[%clk 0:00:12]} Nd6 {[%clk 0:00:19]} 50. Kd1
{[%clk 0:00:12]} Kb2 {[%clk 0:00:20]} 51. Ne6 {[%clk 0:00:11]} Kxa2
{[%clk 0:00:21]} 52. Kc1 {[%clk 0:00:13]} a4 {[%clk 0:00:21]} 53. Nd4
{[%clk 0:00:13]} b3 {[%clk 0:00:22]} 54. cxb3 axb3 {[%clk 0:00:23]} 55. Ne2
{[%clk 0:00:11]} b2+ {[%clk 0:00:22]} 56. Kd2 {[%clk 0:00:13]} Ne4+
{[%clk 0:00:23]} 0-1

[Event "Team Championship (men blitz)"]
[Site "Sochi"]
[Date "2017.10.05"]
[Round "1.13"]
[White "Tsoi, Dmitry"]
[Black "Fedoseev, Vladimir"]
[Result "0-1"]
[LiveChessVersion "1.4.8"]
[BlackElo "2656"]
[WhiteElo "2357"]

1. e4 {[%clk 0:03:03]} c5 {[%clk 0:03:00]} 2. Nf3 {[%clk 0:03:04]} Nc6
{[%clk 0:03:01]} 3. d4 {[%clk 0:03:06]} cxd4 {[%clk 0:03:02]} 4. Nxd4
{[%clk 0:03:06]} e6 {[%clk 0:03:03]} 5. Nb5 {[%clk 0:03:05]} d6 {[%clk 0:03:01]}
6. c4 {[%clk 0:03:06]} a6 {[%clk 0:03:01]} 7. N5c3 {[%clk 0:03:06]} Nf6
{[%clk 0:03:00]} 8. Be3 {[%clk 0:03:03]} Be7 {[%clk 0:02:59]} 9. Be2
{[%clk 0:03:04]} O-O {[%clk 0:02:58]} 10. O-O {[%clk 0:03:03]} b6
{[%clk 0:02:44]} 11. Nd2 {[%clk 0:02:58]} Bb7 {[%clk 0:02:44]} 12. a3
{[%clk 0:02:48]} Rb8 {[%clk 0:02:11]} 13. b4 {[%clk 0:02:47]} Ne5
{[%clk 0:02:09]} 14. f4 {[%clk 0:02:28]} Ng6 {[%clk 0:02:10]} 15. Qe1
{[%clk 0:02:15]} d5 {[%clk 0:02:03]} 16. e5 {[%clk 0:02:05]} d4 {[%clk 0:02:03]}
17. exf6 {[%clk 0:01:26]} Bxf6 {[%clk 0:02:04]} 18. Nde4 {[%clk 0:01:13]} dxe3
{[%clk 0:02:00]} 19. Rd1 {[%clk 0:01:14]} Bd4 {[%clk 0:01:44]} 20. f5
{[%clk 0:00:45]} exf5 {[%clk 0:01:30]} 21. Rxf5 {[%clk 0:00:45]} Bxc3
{[%clk 0:00:28]} 22. Qxc3 {[%clk 0:00:34]} Qe7 {[%clk 0:00:23]} 23. Nd6
{[%clk 0:00:28]} Bxg2 {[%clk 0:00:23]} 24. c5 {[%clk 0:00:05]} Bh3
{[%clk 0:00:17]} 25. Rf3 {[%clk 0:00:03]} Be6 {[%clk 0:00:15]} 26. c6
{[%clk 0:00:03]} Rbd8 {[%clk 0:00:15]} 27. Ne4 {[%clk 0:00:04]} Rxd1+
{[%clk 0:00:15]} 28. Bxd1 {[%clk 0:00:05]} Bd5 {[%clk 0:00:11]} 29. Rxe3
{[%clk 0:00:04]} Bxe4 {[%clk 0:00:11]} 30. c7 {[%clk 0:00:05]} Qd7
{[%clk 0:00:09]} 31. Be2 {[%clk 0:00:04]} Bb7 {[%clk 0:00:10]} 32. h3
{[%clk 0:00:04]} h6 {[%clk 0:00:10]} 33. Bg4 {[%clk 0:00:05]} Qd5
{[%clk 0:00:11]} 34. Bf3 {[%clk 0:00:04]} Qg5+ {[%clk 0:00:12]} 35. Kf2
{[%clk 0:00:05]} Bc8 {[%clk 0:00:13]} 36. Be4 {[%clk 0:00:05]} Nf4
{[%clk 0:00:13]} 37. Rg3 {[%clk 0:00:06]} Nxh3+ {[%clk 0:00:12]} 38. Ke1
{[%clk 0:00:05]} Re8 {[%clk 0:00:11]} 39. Rxg5 {[%clk 0:00:05]} Nxg5
{[%clk 0:00:12]} 40. Qc6 {[%clk 0:00:04]} Rxe4+ {[%clk 0:00:11]} 41. Kf2
{[%clk 0:00:05]} Re7 {[%clk 0:00:09]} 42. Qxb6 {[%clk 0:00:05]} Ne6
{[%clk 0:00:10]} 43. a4 {[%clk 0:00:03]} Rxc7 {[%clk 0:00:11]} 44. b5
{[%clk 0:00:04]} axb5 {[%clk 0:00:12]} 45. axb5 {[%clk 0:00:04]} h5
{[%clk 0:00:12]} 46. Qd6 {[%clk 0:00:06]} Rc2+ {[%clk 0:00:12]} 47. Kg1
{[%clk 0:00:07]} h4 {[%clk 0:00:12]} 48. b6 {[%clk 0:00:08]} h3 {[%clk 0:00:13]}
49. Qb8 {[%clk 0:00:05]} Nd8 {[%clk 0:00:12]} 50. Qd6 {[%clk 0:00:04]} h2+
{[%clk 0:00:13]} 0-1

[Event "Team Championship (men blitz)"]
[Site "Sochi"]
[Date "2017.10.05"]
[Round "1.14"]
[White "Sjugirov, Sanan"]
[Black "Murzin, Volodar"]
[Result "1-0"]
[LiveChessVersion "1.4.8"]
[BlackElo "2268"]
[WhiteElo "2637"]

1. d4 {[%clk 0:03:02]} Nf6 {[%clk 0:03:03]} 2. Nf3 {[%clk 0:03:03]} g6
{[%clk 0:03:04]} 3. Bg5 {[%clk 0:03:03]} Bg7 {[%clk 0:03:02]} 4. Nbd2
{[%clk 0:03:04]} d5 {[%clk 0:03:01]} 5. e3 {[%clk 0:03:05]} h6 {[%clk 0:03:01]}
6. Bf4 {[%clk 0:03:05]} O-O {[%clk 0:02:59]} 7. Bd3 {[%clk 0:03:06]} c5
{[%clk 0:02:59]} 8. c3 {[%clk 0:03:06]} Nc6 {[%clk 0:02:50]} 9. Qe2
{[%clk 0:03:06]} Nh5 {[%clk 0:02:38]} 10. Be5 {[%clk 0:03:02]} Nf6
{[%clk 0:02:19]} 11. Bxf6 {[%clk 0:02:35]} Bxf6 {[%clk 0:02:20]} 12. dxc5
{[%clk 0:02:35]} e5 {[%clk 0:02:07]} 13. e4 {[%clk 0:02:36]} d4 {[%clk 0:02:04]}
14. O-O {[%clk 0:02:19]} dxc3 {[%clk 0:02:04]} 15. bxc3 {[%clk 0:02:20]} Qe7
{[%clk 0:02:00]} 16. Nb3 {[%clk 0:02:20]} Be6 {[%clk 0:02:01]} 17. Bc4
{[%clk 0:02:20]} Rfd8 {[%clk 0:01:55]} 18. Rfd1 {[%clk 0:02:21]} Kg7
{[%clk 0:01:37]} 19. Bd5 {[%clk 0:02:21]} Rd7 {[%clk 0:01:08]} 20. h3
{[%clk 0:02:22]} Rad8 {[%clk 0:01:08]} 21. c4 {[%clk 0:02:23]} Nb4
{[%clk 0:00:50]} 22. Rab1 {[%clk 0:01:52]} Na6 {[%clk 0:00:46]} 23. Qe3
{[%clk 0:01:53]} Bg5 {[%clk 0:00:29]} 24. Nxg5 {[%clk 0:01:47]} hxg5
{[%clk 0:00:29]} 25. Rd2 {[%clk 0:01:40]} g4 {[%clk 0:00:27]} 26. hxg4
{[%clk 0:01:34]} Bxg4 {[%clk 0:00:11]} 27. Qg3 {[%clk 0:01:35]} Bh5
{[%clk 0:00:12]} 28. Rf1 {[%clk 0:01:09]} f6 {[%clk 0:00:12]} 29. Qe3
{[%clk 0:01:08]} f5 {[%clk 0:00:11]} 30. f4 {[%clk 0:01:04]} exf4
{[%clk 0:00:10]} 31. Rxf4 {[%clk 0:01:02]} Qe5 {[%clk 0:00:09]} 32. Rdf2
{[%clk 0:00:53]} Re7 {[%clk 0:00:07]} 33. Qg3 {[%clk 0:00:48]} Rh8
{[%clk 0:00:05]} 34. Rf1 {[%clk 0:00:40]} Bg4 {[%clk 0:00:06]} 35. Rxg4
{[%clk 0:00:23]} fxg4 {[%clk 0:00:04]} 36. Rf7+ {[%clk 0:00:24]} Kh6
{[%clk 0:00:03]} 37. Qh4+ {[%clk 0:00:23]} Qh5 {[%clk 0:00:04]} 38. Qxh5+
{[%clk 0:00:24]} 1-0